The silver chair (Record no. 9054)

MARC details
000 -LEADER
fixed length control field 00762nam a22002177a 4500
003 - CONTROL NUMBER IDENTIFIER
control field OSt
005 - DATE AND TIME OF LATEST TRANSACTION
control field 20260312065935.0
008 - FIXED-LENGTH DATA ELEMENTS--GENERAL INFORMATION
fixed length control field 260312b |||||||| |||| 00| 0 eng d
020 ## - INTERNATIONAL STANDARD BOOK NUMBER
International Standard Book Number 0-06-447109-8
040 ## - CATALOGING SOURCE
Original cataloging agency DWCL GS lib
Transcribing agency OC
082 ## - DEWEY DECIMAL CLASSIFICATION NUMBER
Classification number L585s 1981
100 ## - MAIN ENTRY--PERSONAL NAME
Personal name LEWIS, C.S.
245 ## - TITLE STATEMENT
Title The silver chair
Statement of responsibility, etc. C.S. LEWIS
260 ## - PUBLICATION, DISTRIBUTION, ETC.
Place of publication, distribution, etc. New York
Name of publisher, distributor, etc. Harper Trophy
Date of publication, distribution, etc. 1981
300 ## - PHYSICAL DESCRIPTION
Extent 257 p
Dimensions 17cm
520 ## - SUMMARY, ETC.
Summary, etc. follows Eustace Scrubb and Jill Pole on a quest from Aslan to find King Caspian’s missing son, Prince Rilian, in Narnia
650 ## - SUBJECT ADDED ENTRY--TOPICAL TERM
Topical term or geographic name entry element the characters Eustace Scrubb, Jill Pole, and the Marsh-wiggle Puddleglum.
650 ## - SUBJECT ADDED ENTRY--TOPICAL TERM
Topical term or geographic name entry element the vital importance of holding onto truth, faith, and divine guidance
700 ## - ADDED ENTRY--PERSONAL NAME
Personal name C.S. LEWIS
942 ## - ADDED ENTRY ELEMENTS (KOHA)
Source of classification or shelving scheme Dewey Decimal Classification
Koha item type Fiction
Suppress in OPAC No

No items available.